| 000 | 00000nas 2200000za 4500 |
| 001 | 9.855618 |
| 003 | CaOODSP |
| 005 | 20221107155337 |
| 007 | cr ||||||||||| |
| 008 | 180420d19601969oncar p oss f0###a0eng|d |
| 022 | |y0575-979X |
| 040 | |aCaOODSP|beng |
| 041 | |aeng|afre |
| 043 | |an-cn--- |
| 086 | 1 |aCS47-204-PDF |
| 245 | 00|aSporting goods and toy industry |h[electronic resource]. |
| 246 | 13|aIndustries des articles de sport et jouets|f1967-1968 |
| 246 | 13|aIndustrie des articles de sport et des jouets|f1969 |
| 260 | |aOttawa : |bDominion Bureau of Statistics, Industry and Merchandising Division, |c1962-1971. |
| 310 | |aAnnual |
| 362 | 0 |a1960-1969. |
| 500 | |aCaption title. |
| 546 | |aText in English only, 1960-1966; text in English and French, 1967-1969. |
| 550 | |aIssued 1961-1964 by Industry Division; 1965-1969 by Manufacturing and Primary Industries Division. |
| 580 | |aMerger of: Sporting goods industry; Bicycle manufacturing industry; and, a part of Miscellaneous industries. |
| 692 | 07|2gccst|aManufacturing industry |
| 692 | 07|2gccst|aToys |
| 692 | 07|2gccst|aSports |
| 710 | 1 |aCanada. |bDominion Bureau of Statistics. |bIndustry and Merchandising Division. |
| 710 | 1 |aCanada. |bDominion Bureau of Statistics. |bIndustry Division. |
| 710 | 1 |aCanada. |bDominion Bureau of Statistics. |bManufacturing and Primary Industries Division. |
| 780 | 00|tThe miscellaneous industries |w(CaOODSP)9.855736 |
| 780 | 00|tThe bicycle manufacturing industry in Canada |w(CaOODSP)9.829660 |
| 780 | 00|tThe sporting goods industry |w(CaOODSP)9.855610 |
| 785 | 00|tSporting goods and toy industries |w(CaOODSP)9.855623 |
| 792 | |tSporting goods and toy industry |efre|w(CaOODSP)9.855619 |